000 01721nam0a2200373 4500
001 RU\NLR\bibl\1336008
005 20250615165206.0
010 _a978-5-7749-0530-0
_91200
021 _aRU
_b2008-106296
_96272
035 _a(nilc)EL/0000245881
035 _a(NLR Aleph) 001321206
090 _a741070
_c741070
100 _a20090211d2009 |||y0rusy50 ca
101 0 _arus
102 _aRU
105 _ay |||||||||
200 1 _aАренда земельных участков: законодательство и практика
_e[учебное пособие]
_fВ. В. Солдатенков, Е. И. Марченко
_gАкадемия народного хозяйства при Правительстве РФ
210 _aМосква
_cДело
_d2009
215 _a128 с.
_d21
225 1 _aОбразовательные инновации
320 _aБиблиогр. указ.: с. 124-125 (26 назв.)
606 1 _aЗемельная аренда
_jУчебные издания для высших учебных заведений
_xПравовое регулирование
_yРоссийская Федерация
_92417870
_3RU\NLR\auth\661440127
686 _aУ9(2)320-51,0
_2rubbk
686 _aХ625.1,0
_2rubbk
686 _aХ623.211.3,0
_2rubbk
686 _aХ623.211.3я73
700 1 _aСолдатенков
_bВ. В.
_gВладимир Викторович
_4070
701 1 _aМарченко
_bЕ. И.
_gЕлена Ивановна
_4070
801 0 _aRU
_bНТБ Уфимского ГАТУ
_c20090211
_grcr
801 1 _aRU
_bНТБ Уфимского ГАТУ
_c20090211
_2rusmarc
801 2 _aRU
_bNLR
_c20090304
_grcr
942 _cBOOK
980 _aNB